| 000 | 01093nam a2200301 a 4500 | ||
|---|---|---|---|
| 001 | 86063 | ||
| 003 | BD-RjUL | ||
| 005 | 20260104152649.0 | ||
| 008 | 250104s1912 enk 000 0 eng | ||
| 035 | _a(BD-RjUL)86063 | ||
| 040 |
_aDLC _cOClU _dOCoLC _dDLC _dBD-RjUL _beng |
||
| 041 | 1 |
_aeng _hgrc |
|
| 082 |
_223 _a888 _bPLP 1912 |
||
| 100 | 0 |
_aPlutarch. _917552 |
|
| 245 | 0 | 0 |
_aPlutarch's "Moralia" : _btwenty essays / _c[by] Plutarch; Translated by Philemon Holland |
| 260 |
_aLondon; _aNew York, _bJ.M. Dent & Sons, ltd.; _bE.P. Dutton & Co., inc. _c[1912?] |
||
| 300 |
_axiv, 432 p. _c18 cm. |
||
| 336 |
_atext _btxt _2rdacontent |
||
| 337 |
_aunmediated _bn _2rdamedia |
||
| 338 |
_avolume _bnc _2rdacarrier |
||
| 490 | 0 | _aEveryman's library. Classical | |
| 500 | _a"Introduction by E. H. Blakeney... Translated by Philemon Holland." | ||
| 500 | _a"First published in this edition, 1912 | ||
| 650 | 0 |
_aClassical Greek miscellaneous writings ( essays) _917553 |
|
| 650 | 0 |
_aEthics _vEarly works to 1800. _9775 |
|
| 700 | 1 |
_aHolland, Philemon, _d1552-1637, _etr. _917554 |
|
| 942 |
_2ddc _cBK |
||
| 999 |
_c86063 _d86063 |
||